[Event "Philadelphia Open"]
[Site "Philadelphia"]
[Date "2017.04.14"]
[Round "5.40"]
[White "Bohorquez, Maria Isabel"]
[Black "Juac, Majur"]
[Result "0-1"]
[WhiteElo "1570"]
[BlackElo "2074"]
[PlyCount "106"]
[EventDate "2017.04.??"]
[EventType "swiss"]
[EventRounds "9"]
[EventCountry "USA"]

1. e4 Nf6 2. e5 Nd5 3. d4 d6 4. c4 Nb6 5. Nf3 Bg4 6. h3 Bxf3 7. Qxf3 Nc6 8. e6
fxe6 9. Qe4 Qd7 10. a3 d5 11. cxd5 exd5 12. Qd3 O-O-O 13. Be2 Kb8 14. Bf4 Nc4
15. Qc3 Nd6 16. Nd2 g5 17. Bh2 Bg7 18. Nb3 Ne4 19. Qe3 e5 20. dxe5 Nxe5 21. O-O
Rhe8 22. Nc5 Nxc5 23. Qxc5 Ng6 24. Bb5 Qe7 25. Qc2 Rf8 26. Rac1 Be5 27. Bxe5
Qxe5 28. Qb3 Nf4 29. Bc6 b6 30. Qb5 Qe4 31. f3 Qe2 32. Rf2 Qxb5 33. Bxb5 c5 34.
Re1 Rf7 35. Rd2 Kb7 36. b3 a6 37. Bd3 b5 38. a4 Kc6 39. axb5+ axb5 40. Kf1 Nxd3
41. Rxd3 c4 42. bxc4 bxc4 43. Rc1 Kc5 44. Re3 h5 45. Ke2 Ra8 46. Kd2 g4 47.
hxg4 hxg4 48. Rc2 gxf3 49. Rxf3 Rxf3 50. gxf3 d4 51. Ke1 Ra1+ 52. Kf2 d3 53.
Rd2 Kd4 0-1

[Event "Philadelphia Open"]
[Site "Philadelphia"]
[Date "2017.04.14"]
[Round "5.41"]
[White "Xu, Runya"]
[Black "Lee, Jayden Zhixi"]
[Result "1-0"]
[WhiteElo "2065"]
[BlackElo "1682"]
[PlyCount "61"]
[EventDate "2017.04.??"]
[EventType "swiss"]
[EventRounds "9"]
[EventCountry "USA"]

1. c4 Nf6 2. g3 g6 3. Bg2 Bg7 4. Nc3 O-O 5. Nf3 d6 6. O-O c5 7. a3 Nc6 8. Rb1
a5 9. d3 Ne8 10. e3 e5 11. Ne1 f5 12. Nc2 Nc7 13. Nd5 Ne6 14. b4 f4 15. exf4
exf4 16. Nxf4 Nxf4 17. Bxf4 Qd7 18. Be3 Nd4 19. Nxd4 cxd4 20. Bd2 a4 21. b5 Qf7
22. Bb4 Qd7 23. Re1 Rf6 24. Rb2 Qc7 25. Re8+ Kf7 26. Rbe2 Ra7 27. Bd5+ Be6 28.
R8xe6 Rxe6 29. Rxe6 Ra5 30. Qf3+ Bf6 31. Qxf6+ 1-0

[Event "Philadelphia Open"]
[Site "Philadelphia"]
[Date "2017.04.14"]
[Round "5.42"]
[White "Senft, Sean"]
[Black "Wongso, Steve"]
[Result "1-0"]
[WhiteElo "1983"]
[BlackElo "1617"]
[PlyCount "55"]
[EventDate "2017.04.??"]
[EventType "swiss"]
[EventRounds "9"]
[EventCountry "USA"]

1. d4 Nf6 2. c4 g6 3. Nc3 Bg7 4. e4 d6 5. f4 O-O 6. Nf3 Nc6 7. d5 Nb8 8. Be2 c6
9. Be3 c5 10. h3 e6 11. O-O exd5 12. cxd5 Qb6 13. Qd2 Re8 14. e5 Nh5 15. Ne4
dxe5 16. Bxc5 Qd8 17. Nd6 Qc7 18. Rac1 Rd8 19. Nxe5 f6 20. Nb5 Qxc5+ 21. Rxc5
fxe5 22. Bxh5 gxh5 23. Nc7 b6 24. Rc2 Bb7 25. Nxa8 Bxa8 26. fxe5 Bxd5 27. Qg5
Re8 28. Rc7 1-0

[Event "Philadelphia Open"]
[Site "Philadelphia"]
[Date "2017.04.15"]
[Round "6.1"]
[White "GM Li, Ruifeng"]
[Black "GM Belous, Vladimir"]
[Result "0-1"]
[WhiteElo "2565"]
[BlackElo "2581"]
[PlyCount "90"]
[EventDate "2017.04.??"]
[EventType "swiss"]
[EventRounds "9"]
[EventCountry "USA"]

1. e4 c5 2. Nc3 Nc6 3. g3 g6 4. Bg2 Bg7 5. d3 Rb8 6. Be3 b5 7. Qd2 b4 8. Nd1 d6
9. Ne2 Nd4 10. O-O Nxe2+ 11. Qxe2 Nf6 12. a3 b3 13. c4 O-O 14. Bd2 e6 15. Bc3
Bb7 16. Ne3 Re8 17. Qd2 d5 18. e5 Nd7 19. Ba5 Nb6 20. f4 dxc4 21. Bxb7 Rxb7 22.
Nxc4 Rd7 23. Nd6 Rxd6 24. exd6 Bd4+ 25. Kg2 Qxd6 26. Bc3 Rd8 27. Rf3 Na4 28.
Bxd4 Qxd4 29. Rc1 c4 30. Qf2 cxd3 31. Qxd4 Rxd4 32. Rf2 Nb6 33. Kf3 Nc4 34.
Rxc4 Rxc4 35. Rd2 a5 36. Rxd3 a4 37. Re3 Rc2 38. Re2 Rxe2 39. Kxe2 f5 40. Kd3
e5 41. fxe5 Kf7 42. h3 Ke6 43. Kd4 h6 44. h4 g5 45. h5 g4 0-1

[Event "Philadelphia Open"]
[Site "Philadelphia"]
[Date "2017.04.15"]
[Round "6.2"]
[White "GM Lopez, Angel"]
[Black "FM Brodsky, David"]
[Result "1-0"]
[WhiteElo "2498"]
[BlackElo "2313"]
[PlyCount "45"]
[EventDate "2017.04.??"]
[EventType "swiss"]
[EventRounds "9"]
[EventCountry "USA"]

1. e4 e6 2. d4 d5 3. Nc3 Nf6 4. e5 Nfd7 5. f4 c5 6. Nce2 Nc6 7. c3 Qb6 8. Nf3
f6 9. g3 cxd4 10. Nexd4 fxe5 11. fxe5 Bc5 12. Bd3 Ndxe5 13. Nxe5 Nxe5 14. Qh5+
Nf7 15. Bb5+ Kf8 16. O-O Bxd4+ 17. cxd4 Qxd4+ 18. Rf2 Qxf2+ 19. Kxf2 e5 20. Bd2
Be6 21. Rc1 Kg8 22. Rc7 g6 23. Qh4 1-0

[Event "Philadelphia Open"]
[Site "Philadelphia"]
[Date "2017.04.15"]
[Round "6.3"]
[White "GM Panchanathan, Magesh"]
[Black "GM Sevian, Samuel"]
[Result "0-1"]
[WhiteElo "2494"]
[BlackElo "2574"]
[PlyCount "86"]
[EventDate "2017.04.??"]
[EventType "swiss"]
[EventRounds "9"]
[EventCountry "USA"]

1. Nf3 d5 2. g3 Bg4 3. Bg2 e6 4. c4 c6 5. O-O Nf6 6. d3 Nbd7 7. Nc3 Bd6 8. h3
Bxf3 9. Bxf3 O-O 10. Bg2 d4 11. Nb1 a5 12. e4 dxe3 13. Bxe3 e5 14. Nc3 Bc5 15.
d4 exd4 16. Bxd4 Qc7 17. Na4 Rad8 18. Bc3 Bb4 19. Qc2 Rfe8 20. Bd4 Bd6 21. Rad1
Be5 22. Qc3 h5 23. Bxe5 Qxe5 24. Qxe5 Nxe5 25. b3 Rxd1 26. Rxd1 Ned7 27. Kf1
Kf8 28. Rd4 Ke7 29. f4 Nf8 30. Rd2 Rd8 31. Re2+ Kd6 32. Re5 h4 33. Nc5 Rb8 34.
Nd3 hxg3 35. Rxa5 Ne6 36. Rf5 Rd8 37. Ne1 Kc7 38. Re5 Nxf4 39. Rg5 N6h5 40. Bf3
Rd2 41. Rxh5 Nxh5 42. Bxh5 Rxa2 43. Nd3 Rd2 0-1

[Event "Philadelphia Open"]
[Site "Philadelphia"]
[Date "2017.04.15"]
[Round "6.4"]
[White "GM Sadorra, Julio"]
[Black "GM Molner, Mackenzie"]
[Result "1/2-1/2"]
[WhiteElo "2450"]
[BlackElo "2580"]
[PlyCount "98"]
[EventDate "2017.04.??"]
[EventType "swiss"]
[EventRounds "9"]
[EventCountry "USA"]

1. d4 Nf6 2. c4 e6 3. Nc3 Bb4 4. e3 O-O 5. Nge2 c6 6. a3 Ba5 7. c5 d5 8. cxd6
Qxd6 9. b4 Bc7 10. g3 e5 11. Bg2 Nbd7 12. O-O Re8 13. Qc2 exd4 14. Nxd4 Qe7 15.
b5 c5 16. Nf5 Qe6 17. e4 Nb6 18. f4 Bd7 19. Bb2 a6 20. a4 axb5 21. axb5 Rxa1
22. Bxa1 Ra8 23. Ne3 Ng4 24. Nxg4 Qxg4 25. e5 Bf5 26. Qf2 Bd3 27. Re1 Qc8 28.
Ne4 Bxb5 29. Qb2 Qd7 30. Nxc5 Na4 31. Nxa4 Rxa4 32. f5 Bb6+ 33. Kh1 Bd4 34. e6
fxe6 35. fxe6 Qe8 36. Qxd4 Rxd4 37. Bxd4 Qe7 38. h4 h6 39. Re5 Be8 40. Kh2 Qd6
41. Re4 h5 42. Bc3 Qd3 43. Bb4 Qc2 44. e7 Kh7 45. Rd4 Qb2 46. Rd8 Qxb4 47. Rxe8
Kg6 48. Rb8 Qxe7 49. Rxb7 Qe2 1/2-1/2

[Event "Philadelphia Open"]
[Site "Philadelphia"]
[Date "2017.04.15"]
[Round "6.5"]
[White "GM Erenburg, Sergey"]
[Black "IM Balakrishnan, Praveen"]
[Result "1/2-1/2"]
[WhiteElo "2568"]
[BlackElo "2480"]
[PlyCount "71"]
[EventDate "2017.04.??"]
[EventType "swiss"]
[EventRounds "9"]
[EventCountry "USA"]

1. e4 e5 2. Nf3 Nc6 3. Bb5 Nf6 4. d3 Bc5 5. Nc3 d6 6. Na4 Bb6 7. Nxb6 axb6 8.
c3 Bd7 9. Ba4 O-O 10. Bc2 Ne7 11. h3 Ng6 12. O-O Re8 13. Re1 h6 14. d4 c5 15.
dxc5 dxc5 16. Bd3 Nh5 17. Bc4 Nhf4 18. Qd6 Be6 19. Qxd8 Raxd8 20. Bb5 Bd7 21.
Bxd7 Rxd7 22. Bxf4 exf4 23. Kf1 f6 24. Rad1 Red8 25. Ke2 Kf7 26. Rxd7+ Rxd7 27.
Rd1 Ke6 28. Rxd7 Kxd7 29. a4 Kc6 30. b4 Ne5 31. Nxe5+ fxe5 32. Kf3 Kd6 33. h4
g6 34. g3 fxg3 35. Kxg3 Ke6 36. Kg4 1/2-1/2

[Event "Philadelphia Open"]
[Site "Philadelphia"]
[Date "2017.04.15"]
[Round "6.6"]
[White "GM Paragua, Mark"]
[Black "IM Checa, Nicolas"]
[Result "1/2-1/2"]
[WhiteElo "2521"]
[BlackElo "2480"]
[PlyCount "82"]
[EventDate "2017.04.??"]
[EventType "swiss"]
[EventRounds "9"]
[EventCountry "USA"]

1. e4 e6 2. d4 d5 3. Nd2 c5 4. Ngf3 cxd4 5. exd5 Qxd5 6. Bc4 Qd6 7. O-O Nf6 8.
Nb3 Nc6 9. Nbxd4 Nxd4 10. Nxd4 a6 11. Re1 Qc7 12. Bf1 Bd6 13. Nf5 Bxh2+ 14. Kh1
O-O 15. Nxg7 Rd8 16. Qf3 Kxg7 17. g3 Bxg3 18. Bh6+ Kg6 19. Qe3 Qe5 20. Bd3+
Rxd3 21. Qxd3+ Qf5 22. Qxg3+ Qg4 23. Bf4 Qxg3 24. Bxg3 Bd7 25. Kg2 Bc6+ 26. Kh3
Ne4 27. Bh4 h6 28. Rad1 Rg8 29. Rg1+ Ng5+ 30. Bxg5 hxg5 31. Rxg5+ Kxg5 32. Rg1+
Kf4 33. Rxg8 Kf3 34. c4 Kxf2 35. Rf8 e5 36. Rxf7+ Bf3 37. b4 e4 38. Rxb7 e3 39.
Re7 e2 40. a4 e1=Q 41. Rxe1 Kxe1 1/2-1/2

[Event "Philadelphia Open"]
[Site "Philadelphia"]
[Date "2017.04.15"]
[Round "6.7"]
[White "IM Gurevich, Daniel"]
[Black "GM Barbosa, Oliver"]
[Result "1-0"]
[WhiteElo "2465"]
[BlackElo "2509"]
[Annotator "Hater,David"]
[PlyCount "144"]
[EventDate "2017.04.??"]
[EventType "swiss"]
[EventRounds "9"]
[EventCountry "USA"]

1. e4 c6 2. d4 d5 3. e5 Bf5 4. h4 h5 5. Bd3 Bxd3 6. Qxd3 e6 7. Bg5 Qa5+ 8. Nd2
Ne7 9. Ne2 Qa6 10. c4 Nd7 11. O-O Nf5 12. Ng3 g6 13. Nxf5 gxf5 14. Rfc1 Bb4 15.
a3 Be7 16. Qe3 Nb6 17. Bxe7 Kxe7 18. Qg5+ Kf8 19. Nb3 Na4 20. cxd5 Qd3 21. Qf6
Rh7 22. dxc6 bxc6 23. Nc5 Nxc5 24. Rxc5 Rg7 25. Rc3 Qxd4 26. Qh6 Kg8 27. Qxh5
Rg4 28. Rac1 Qxe5 29. Rxc6 Rd8 30. Qh6 Qd5 31. g3 Qd4 32. R6c3 f4 33. Qh5 Rg6
34. Kg2 Kg7 35. Qe2 Rd5 36. Rc4 Qf6 37. h5 Rgg5 38. g4 Rxg4+ 39. Qxg4+ Rg5 40.
Qxg5+ Qxg5+ 41. Kf3 e5 42. Rh1 Qd8 43. Rg1+ Kh7 44. Rgc1 Qd5+ 45. Kg4 Kg7 46.
Rc6 Qd8 47. h6+ Kh7 48. R1c2 Qd4 49. Kg5 e4 50. Kxf4 e3+ 51. Kg3 exf2 52. Kg2
Qf4 53. Kf1 Qh2 54. Rxf2 Qh1+ 55. Ke2 Qxc6 56. Rxf7+ Kxh6 57. Rf2 Qc2+ 58. Kf3
Qb3+ 59. Ke4 Kg5 60. Rd2 Kg4 61. Rg2+ Kh3 62. Re2 Qc4+ 63. Ke3 Kg4 64. Rd2 Qe6+
65. Kd3 Kf3 66. Kc3 a5 67. b3 Qe1 68. Kc2 Qa1 69. a4 Ke4 70. Re2+ Kd4 71. Rd2+
Kc5 72. Rd1 Qa2+ {White wins on time} 1-0

[Event "Philadelphia Open"]
[Site "Philadelphia"]
[Date "2017.04.15"]
[Round "6.8"]
[White "GM Berczes, David"]
[Black "Hong, Andrew"]
[Result "1/2-1/2"]
[WhiteElo "2500"]
[BlackElo "2378"]
[PlyCount "85"]
[EventDate "2017.04.??"]
[EventType "swiss"]
[EventRounds "9"]
[EventCountry "USA"]

1. c4 e6 2. Nf3 d5 3. g3 dxc4 4. Bg2 Nf6 5. O-O a6 6. Qc2 b5 7. Ne5 Nd5 8. d3
cxd3 9. Nxd3 Bb7 10. Nc3 Be7 11. Rd1 Nd7 12. Nxd5 exd5 13. Nf4 Nb6 14. a4 bxa4
15. Nxd5 Nxd5 16. Qxa4+ Qd7 17. Qxd7+ Kxd7 18. Bxd5 Bxd5 19. Rxd5+ Kc6 20. Rd3
Bd6 21. Bf4 Rhe8 22. e3 Re6 23. Kg2 Bxf4 24. gxf4 Rd6 25. Rb3 Kd7 26. Rc1 Kc8
27. Rbc3 Ra7 28. Rc5 Rb7 29. b4 g6 30. Kf3 Rdb6 31. Re5 Kd7 32. f5 Rd6 33. Rc4
Rb5 34. Rxb5 axb5 35. Rc5 c6 36. fxg6 hxg6 37. h4 Rd2 38. h5 gxh5 39. Rxh5 Rc2
40. Rf5 Ke6 41. Rf4 f5 42. Rh4 Ke5 43. Rd4 1/2-1/2

[Event "Philadelphia Open"]
[Site "Philadelphia"]
[Date "2017.04.15"]
[Round "6.9"]
[White "GM Troff, Kayden"]
[Black "FM Thavandiran, Shiyam"]
[Result "1/2-1/2"]
[WhiteElo "2492"]
[BlackElo "2375"]
[PlyCount "116"]
[EventDate "2017.04.??"]
[EventType "swiss"]
[EventRounds "9"]
[EventCountry "USA"]

1. d4 Nf6 2. c4 e6 3. Nf3 d5 4. Nc3 Nbd7 5. cxd5 exd5 6. Bg5 c6 7. Qc2 h6 8.
Bh4 Qa5 9. e3 g5 10. Bg3 Ne4 11. Bd3 Nxg3 12. hxg3 Bg7 13. Kf1 Nf6 14. Rc1 Be6
15. Bf5 Bxf5 16. Qxf5 Qb4 17. Rc2 Qe7 18. e4 Nxe4 19. Re2 O-O 20. Nxe4 dxe4 21.
Ne5 Rfe8 22. Rxe4 Qe6 23. Qxe6 Rxe6 24. Re3 Rd8 25. Nf3 g4 26. Rxe6 fxe6 27.
Nd2 Rxd4 28. Ke2 Kf7 29. b3 c5 30. f3 Kg6 31. Rc1 b6 32. Rc4 gxf3+ 33. gxf3 Rd5
34. Ra4 Rd7 35. Re4 Kf7 36. Rf4+ Ke7 37. Rg4 Kf7 38. Rf4+ Ke8 39. Re4 Ke7 40.
Rg4 Be5 41. Rg6 Kf7 42. Rxh6 Bxg3 43. Ne4 Be5 44. Ng5+ Ke8 45. Rxe6+ Re7 46.
Rxe7+ Kxe7 47. Kd3 Bf4 48. Nh3 Bh6 49. Nf2 Kd6 50. Ng4 Bc1 51. Ke4 b5 52. f4 c4
53. bxc4 bxc4 54. f5 Bb2 55. Ne3 Kc5 56. Nd5 Kd6 57. Ne3 Kc5 58. Nd5 Kd6
1/2-1/2

[Event "Philadelphia Open"]
[Site "Philadelphia"]
[Date "2017.04.15"]
[Round "6.10"]
[White "GM Shimanov, Alexander"]
[Black "FM Zhang, Yuanchan"]
[Result "1-0"]
[WhiteElo "2650"]
[BlackElo "2268"]
[PlyCount "87"]
[EventDate "2017.04.??"]
[EventType "swiss"]
[EventRounds "9"]
[EventCountry "USA"]

1. d4 Nf6 2. c4 e6 3. Nf3 Bb4+ 4. Nbd2 b6 5. e3 O-O 6. a3 Be7 7. Bd3 d5 8. O-O
Bb7 9. cxd5 exd5 10. b3 Nbd7 11. Bb2 Re8 12. Ne5 Bd6 13. f4 Ne4 14. Nxe4 dxe4
15. Bb5 Bxe5 16. dxe5 c6 17. Bc4 b5 18. Be2 Nc5 19. Bd4 Ne6 20. Bc3 Qb6 21. Qc1
Nc5 22. Rb1 Nd3 23. Bxd3 exd3 24. Qd2 a5 25. f5 b4 26. axb4 axb4 27. Bb2 Ra2
28. e6 fxe6 29. f6 gxf6 30. Rxf6 Qc5 31. Rbf1 Rxb2 32. Qxb2 Qxe3+ 33. Kh1 e5
34. R6f3 Qe2 35. Qb1 c5 36. R3f2 Qe3 37. Qd1 Be4 38. Qg4+ Bg6 39. Rf6 Qh6 40.
Qc4+ Kh8 41. Qxc5 Kg8 42. Qd5+ Kh8 43. Re6 Rxe6 44. Qxe6 1-0

[Event "Philadelphia Open"]
[Site "Philadelphia"]
[Date "2017.04.15"]
[Round "6.11"]
[White "Huang, Andrew"]
[Black "IM Burke, John"]
[Result "0-1"]
[WhiteElo "2196"]
[BlackElo "2492"]
[PlyCount "40"]
[EventDate "2017.04.??"]
[EventType "swiss"]
[EventRounds "9"]
[EventCountry "USA"]

1. e4 c5 2. Nf3 d6 3. d4 cxd4 4. Nxd4 Nf6 5. Nc3 a6 6. Bg5 Nbd7 7. Qe2 h6 8.
Bh4 b5 9. O-O-O Bb7 10. Nd5 Nxd5 11. exd5 Nb6 12. Nxb5 Nxd5 13. Qe4 Qd7 14. Bc4
axb5 15. Bxd5 Ra4 16. Rd4 f5 17. Qd3 Rxd4 18. Qxd4 Bxd5 19. Qxd5 g5 20. Bg3 f4
0-1

[Event "Philadelphia Open"]
[Site "Philadelphia"]
[Date "2017.04.15"]
[Round "6.12"]
[White "IM Vazquez, Guillermo"]
[Black "FM Volkov, Dmitri"]
[Result "1-0"]
[WhiteElo "2446"]
[BlackElo "2248"]
[PlyCount "133"]
[EventDate "2017.04.??"]
[EventType "swiss"]
[EventRounds "9"]
[EventCountry "USA"]

1. e4 c5 2. Nf3 Nc6 3. Bb5 d6 4. d4 cxd4 5. Qxd4 Bd7 6. Qd3 h6 7. c4 Nf6 8. Nc3
e5 9. O-O Be7 10. Rd1 O-O 11. Bxc6 Bxc6 12. a4 a5 13. b3 Qd7 14. h3 b6 15. Be3
Qb7 16. Nd2 Nd7 17. f3 Nc5 18. Qc2 Kh7 19. Nf1 g6 20. Bf2 f5 21. exf5 Rxf5 22.
Nd5 Rc8 23. Ng3 Rf7 24. Ne4 Nxe4 25. Qxe4 Bd8 26. Rd3 Rb8 27. Rad1 Bd7 28. Nc3
Bc6 29. Qe2 Bc7 30. Be3 Rbf8 31. Bc1 Kg7 32. Qe3 g5 33. Nd5 Bxd5 34. Rxd5 Rf6
35. Qe4 Qc6 36. Be3 R8f7 37. Kf2 Rf8 38. Ke2 Kg8 39. h4 gxh4 40. Rh1 Kg7 41.
Rxh4 Rg6 42. Rg4 Rff6 43. Rxg6+ Rxg6 44. f4 Qe8 45. f5 Rf6 46. g4 Kh8 47. Rd1
Kg7 48. Rh1 d5 49. Qxd5 Rd6 50. Qe4 Qc6 51. Qxc6 Rxc6 52. Rd1 Bd6 53. Kf3 Bc5
54. Rd7+ Kf8 55. Ke4 Bxe3 56. Kxe3 Ke8 57. Rb7 Rd6 58. Ke4 Rd4+ 59. Kxe5 Rxg4
60. Rxb6 h5 61. Rg6 Rh4 62. c5 Rh3 63. c6 Kf7 64. c7 Rc3 65. Kd6 h4 66. Kd7
Rd3+ 67. Rd6 1-0

[Event "Philadelphia Open"]
[Site "Philadelphia"]
[Date "2017.04.15"]
[Round "6.14"]
[White "IM Mulyar, Michael"]
[Black "FM Kretchetov, Alexandre"]
[Result "1-0"]
[WhiteElo "2390"]
[BlackElo "2242"]
[PlyCount "111"]
[EventDate "2017.04.??"]
[EventType "swiss"]
[EventRounds "9"]
[EventCountry "USA"]

1. d4 d5 2. c4 c6 3. Nf3 Nf6 4. g3 Bf5 5. Nc3 e6 6. Nh4 Bg6 7. Nxg6 hxg6 8. Bg2
Nbd7 9. O-O Be7 10. e3 O-O 11. b3 Bb4 12. Bb2 Qe7 13. a3 Bd6 14. Qe2 dxc4 15.
bxc4 e5 16. Qc2 Rfe8 17. Rfd1 Rad8 18. a4 a5 19. c5 Bc7 20. Ba3 exd4 21. exd4
Nf8 22. d5 cxd5 23. Nxd5 Nxd5 24. Bxd5 Be5 25. Rab1 Rb8 26. Qb3 Qf6 27. Qf3
Red8 28. Qxf6 gxf6 29. Kg2 Bc7 30. Bf3 Rxd1 31. Rxd1 b6 32. c6 Rd8 33. Rxd8
Bxd8 34. Be7 Bc7 35. Bxf6 Ne6 36. Be2 Nc5 37. Bb5 Ne4 38. Bd4 Kf8 39. g4 Nd6
40. Bd3 Kg8 41. f4 Ne8 42. Be5 Nd6 43. Kf3 Ne8 44. Bd4 Ng7 45. Bc4 Ne8 46. h4
Ng7 47. Ke4 Kf8 48. Bxg7+ Kxg7 49. Bb3 Kf6 50. h5 gxh5 51. gxh5 Kg7 52. Kf5 Bd8
53. h6+ Kxh6 54. Bxf7 Be7 55. Bc4 Kg7 56. Ke6 1-0

[Event "Philadelphia Open"]
[Site "Philadelphia"]
[Date "2017.04.15"]
[Round "6.15"]
[White "IM Ippolito, Dean"]
[Black "Shen, Christopher"]
[Result "1-0"]
[WhiteElo "2365"]
[BlackElo "2200"]
[PlyCount "65"]
[EventDate "2017.04.??"]
[EventType "swiss"]
[EventRounds "9"]
[EventCountry "USA"]

1. d4 d6 2. Nf3 g6 3. c4 Bg7 4. Nc3 Nf6 5. g3 O-O 6. Bg2 Nc6 7. O-O e5 8. dxe5
dxe5 9. Bg5 Qxd1 10. Rfxd1 h6 11. Be3 Be6 12. Nd5 Rac8 13. Bxh6 Bxh6 14. Nxf6+
Kh8 15. b3 Bg7 16. Ne4 Rcd8 17. Rxd8 Nxd8 18. Rd1 f6 19. h3 b6 20. g4 Nf7 21.
Nc3 Nd6 22. Nh4 Kh7 23. Bd5 Bc8 24. b4 f5 25. c5 Nf7 26. gxf5 gxf5 27. Nb5 Ng5
28. Nxa7 Nxh3+ 29. Kf1 Bf6 30. Ng2 Bd7 31. c6 Be8 32. Be6 Be7 33. Ne3 1-0

[Event "Philadelphia Open"]
[Site "Philadelphia"]
[Date "2017.04.15"]
[Round "6.16"]
[White "IM Haubro, Martin"]
[Black "Kumar, Aravind"]
[Result "1-0"]
[WhiteElo "2355"]
[BlackElo "2188"]
[PlyCount "97"]
[EventDate "2017.04.??"]
[EventType "swiss"]
[EventRounds "9"]
[EventCountry "USA"]

1. e4 e6 2. d4 d5 3. Nc3 Bb4 4. e5 c5 5. a3 Bxc3+ 6. bxc3 Ne7 7. Qg4 Qc7 8.
Qxg7 Rg8 9. Qxh7 cxd4 10. Ne2 Nbc6 11. f4 dxc3 12. Qd3 d4 13. Nxd4 Nxd4 14.
Qxd4 Bd7 15. Rg1 Nf5 16. Qf2 Qc6 17. Bd3 Qd5 18. Rb1 Bc6 19. Rb3 Rxg2 20. Qxg2
Qxg2 21. Rxg2 Bxg2 22. Rxc3 Bc6 23. Bxf5 exf5 24. h4 Ke7 25. Rh3 Rh8 26. h5 Rh6
27. Ke2 f6 28. exf6+ Kxf6 29. Bb2+ Kf7 30. Bd4 a6 31. Kd2 Be8 32. Kc3 Ke6 33.
Kc4 Rxh5 34. Re3+ Kf7 35. Kd5 Bc6+ 36. Ke5 Be4 37. Rc3 Rh6 38. Rc7+ Ke8 39. c3
Kd8 40. Rg7 Kc8 41. a4 Kd8 42. a5 Ke8 43. Bc5 Kd8 44. Be7+ Kc8 45. Bf6 Bc2 46.
c4 Rh1 47. Kd6 Rd1+ 48. Ke6 Be4 49. Rg8+ 1-0

[Event "Philadelphia Open"]
[Site "Philadelphia"]
[Date "2017.04.15"]
[Round "6.17"]
[White "FM Markzon, Gregory"]
[Black "FM Homa, Seth"]
[Result "1-0"]
[WhiteElo "2188"]
[BlackElo "2326"]
[PlyCount "89"]
[EventDate "2017.04.??"]
[EventType "swiss"]
[EventRounds "9"]
[EventCountry "USA"]

1. d4 d5 2. c4 c6 3. Nc3 Nf6 4. e3 e6 5. Nf3 Nbd7 6. Qc2 Bd6 7. b3 O-O 8. Bb2
e5 9. cxd5 cxd5 10. dxe5 Nxe5 11. Be2 Bd7 12. O-O Rc8 13. Qd1 Nxf3+ 14. Bxf3
Be5 15. Qd2 Bg4 16. Bxg4 Nxg4 17. h3 Nf6 18. Rac1 Qe7 19. Qd3 Rfd8 20. Rfd1 Rc6
21. f4 Bxc3 22. Rxc3 Re6 23. Rdc1 Ne4 24. Rc8 Rc6 25. R8xc6 bxc6 26. Qd4 f6 27.
Rxc6 Ng3 28. Qd3 Qb4 29. Rc1 h5 30. Kh2 Ne4 31. Qe2 Qd2 32. Qxd2 Nxd2 33. Bd4
h4 34. Bxa7 g5 35. f5 Ne4 36. Bd4 Rd6 37. Rc2 Ng3 38. a4 Nxf5 39. a5 Ra6 40. b4
Kf7 41. Bb6 Nd6 42. Rc5 Ke6 43. b5 Ra8 44. Bc7 Ne4 45. Rc2 1-0

[Event "Philadelphia Open"]
[Site "Philadelphia"]
[Date "2017.04.15"]
[Round "6.18"]
[White "Paciorkowski, Lev"]
[Black "Santarius, Erick"]
[Result "1/2-1/2"]
[WhiteElo "2158"]
[BlackElo "2313"]
[PlyCount "101"]
[EventDate "2017.04.??"]
[EventType "swiss"]
[EventRounds "9"]
[EventCountry "USA"]

1. d4 d5 2. c4 e6 3. Nc3 Nf6 4. cxd5 Nxd5 5. e4 Nxc3 6. bxc3 c5 7. Nf3 cxd4 8.
cxd4 Bb4+ 9. Bd2 Bxd2+ 10. Qxd2 O-O 11. Bc4 Nd7 12. O-O b6 13. Rfe1 Bb7 14.
Rad1 Rc8 15. Bb3 Qf6 16. Bc2 e5 17. Ba4 Bc6 18. Bxc6 Rxc6 19. d5 Rc5 20. Rc1
Qd6 21. Rxc5 Nxc5 22. Qc3 f6 23. Nd2 Rc8 24. Rc1 Qd7 25. Nb3 Qa4 26. Qh3 Re8
27. Nxc5 bxc5 28. Qg4 c4 29. g3 Kh8 30. Qe2 Rc8 31. Qb2 Qd7 32. Qb4 Qc7 33. d6
Qc6 34. Rd1 h6 35. d7 Rd8 36. Qd6 Qxd6 37. Rxd6 c3 38. Rc6 Rxd7 39. Rxc3 Rd4
40. Ra3 Rxe4 41. Rxa7 Re1+ 42. Kg2 e4 43. g4 e3 44. fxe3 Rxe3 45. a4 Ra3 46. a5
Kh7 47. h3 Kg6 48. Kh2 h5 49. gxh5+ Kxh5 50. Rxg7 Rxa5 51. Kg2 1/2-1/2

[Event "Philadelphia Open"]
[Site "Philadelphia"]
[Date "2017.04.15"]
[Round "6.20"]
[White "Wang, Wesley"]
[Black "IM Mandizha, Farai"]
[Result "1/2-1/2"]
[WhiteElo "2111"]
[BlackElo "2359"]
[PlyCount "72"]
[EventDate "2017.04.??"]
[EventType "swiss"]
[EventRounds "9"]
[EventCountry "USA"]

1. e4 c5 2. Nf3 d6 3. d4 cxd4 4. Nxd4 Nf6 5. Nc3 g6 6. Be2 Bg7 7. O-O O-O 8.
Kh1 Nc6 9. Nb3 Be6 10. f4 Na5 11. f5 Bc4 12. Bg5 Rc8 13. Bd3 b5 14. a3 Nc6 15.
Nd2 Bxd3 16. cxd3 b4 17. axb4 Nxb4 18. fxg6 hxg6 19. Rxa7 Nxd3 20. Qf3 Ne5 21.
Qe2 Ned7 22. Nd5 Rc2 23. Bxf6 exf6 24. b4 Re8 25. Qd3 Qc8 26. Rxd7 Rxd2 27.
Qxd2 Qxd7 28. Qd3 Qg4 29. h3 Qh4 30. b5 Rxe4 31. b6 f5 32. b7 Re8 33. Qc2 Kh7
34. Qb3 Be5 35. Nc7 Rb8 36. Na6 Rxb7 1/2-1/2

[Event "Philadelphia Open"]
[Site "Philadelphia"]
[Date "2017.06.15"]
[Round "6.23"]
[White "FM Gorti, Akshita"]
[Black "Wang, Jason"]
[Result "1/2-1/2"]
[WhiteElo "2261"]
[BlackElo "2026"]
[PlyCount "57"]
[EventDate "2017.04.??"]
[EventType "swiss"]
[EventRounds "9"]
[EventCountry "USA"]

1. d4 d5 2. c4 dxc4 3. e3 e5 4. Bxc4 exd4 5. exd4 Bd6 6. Nf3 Nf6 7. Qe2+ Qe7 8.
Qxe7+ Bxe7 9. O-O O-O 10. Re1 Bd6 11. Nc3 a6 12. Bg5 Nbd7 13. a4 b6 14. Ne5 Bb7
15. Re2 b5 16. axb5 axb5 17. Bxf7+ Rxf7 18. Rxa8+ Bxa8 19. Nxf7 Kxf7 20. Nxb5
Nd5 21. Nxd6+ cxd6 22. b3 Bc6 23. f3 Bb5 24. Re1 Nb8 25. Bf4 Nc6 26. Bg3 Nxd4
27. Bxd6 Nxb3 28. Kf2 Na5 29. Ra1 1/2-1/2

[Event "Philadelphia Open"]
[Site "Philadelphia"]
[Date "2017.04.15"]
[Round "6.24"]
[White "Nyamdorj, Davaa-ochir"]
[Black "FM Betanelli, Alexander"]
[Result "1/2-1/2"]
[WhiteElo "2082"]
[BlackElo "2236"]
[PlyCount "80"]
[EventDate "2017.04.??"]
[EventType "swiss"]
[EventRounds "9"]
[EventCountry "USA"]

1. e4 e5 2. Nf3 Nc6 3. Bb5 a6 4. Ba4 d6 5. O-O Bd7 6. c3 g6 7. d4 Bg7 8. dxe5
Nxe5 9. Nxe5 dxe5 10. Bg5 f6 11. Be3 Bh6 12. Bc5 Bxa4 13. Qxa4+ Qd7 14. Qxd7+
Kxd7 15. Rd1+ Ke6 16. c4 Bf8 17. Be3 Bh6 18. Bxh6 Nxh6 19. Nc3 Rad8 20. c5 Nf7
21. c6 bxc6 22. Na4 a5 23. Rdc1 Rd4 24. Nc5+ Ke7 25. Nb3 Rxe4 26. Rxc6 Rc8 27.
Nxa5 Nd8 28. Rc2 c5 29. f3 Rd4 30. Nc4 Nb7 31. a4 Rcd8 32. Rcc1 Nd6 33. Nb6 Nc8
34. Nxc8+ Rxc8 35. a5 Rb4 36. Rc2 Rb5 37. Ra4 Ra8 38. a6 Rb6 39. Rxc5 Raxa6 40.
Rc7+ Ke6 1/2-1/2

[Event "Philadelphia Open"]
[Site "Philadelphia"]
[Date "2017.04.15"]
[Round "6.25"]
[White "WIM Yu, Jennifer"]
[Black "Nakada, Akira"]
[Result "1/2-1/2"]
[WhiteElo "2209"]
[BlackElo "2083"]
[PlyCount "74"]
[EventDate "2017.04.??"]
[EventType "swiss"]
[EventRounds "9"]
[EventCountry "USA"]

1. c4 e5 2. Nc3 Nc6 3. g3 g6 4. Bg2 Bg7 5. e3 d6 6. Nge2 Nf6 7. d4 exd4 8. exd4
Bf5 9. O-O O-O 10. a3 Qd7 11. Re1 Rfe8 12. Bf4 Ne4 13. Nxe4 Bxe4 14. Qd2 Bxg2
15. Kxg2 Ne7 16. d5 b5 17. Rac1 bxc4 18. Rxc4 Qb5 19. Rxc7 Qxd5+ 20. Kg1 Qxd2
21. Bxd2 Nd5 22. Rc2 Rac8 23. Rxc8 Rxc8 24. Nf4 Nb6 25. b3 Be5 26. a4 Rc2 27.
Be3 Bc3 28. Rd1 Rb2 29. Rxd6 Rxb3 30. Nd5 Nxd5 31. Rxd5 a5 32. Kg2 Rb8 33. Bf4
Rc8 34. Rd1 Bf6 35. Rd5 Bc3 36. Rd1 Bf6 37. Rd5 Bc3 1/2-1/2